000 00253nam a2200097Ia 4500
001 1206740
005 20251014100947.0
008 250824s9999 xx 000 0 und d
245 0 _aO TOPRAKLAR BİZİMDİ
_cCENGİZ DAĞCI
260 _bÖTÜKEN YAYINLARI
999 _c1206740
_d1206740